Stavebnícka ročenka 1984

Gespeichert in:
Bibliographische Detailangaben
Format: Buch
Sprache:Slowakisch
Veröffentlicht: Bratislava Alfa 1983
Schriftenreihe:Edícia stavebníckej literatúry
Tags: Tag hinzufügen
Keine Tags, Fügen Sie das erste Tag hinzu!

MARC

LEADER 00000nam a2200000 4500
001 c115019
005 20221128071136.4
041 0 |a slo 
044 |a SK 
245 1 0 |a Stavebnícka ročenka 1984 
264 1 |a Bratislava  |b Alfa  |c 1983 
300 |a 314 s. 
490 1 |a Edícia stavebníckej literatúry 
830 0 |a Edícia stavebníckej literatúry